Loading...

Traditional community under stress /

Bibliographic Details
Format: Printed Book
Language:English
Published: Milton Keynes : Open Univ.Press, 1977.
LEADER 00367nam a2200109Ia 4500
008 150624b xxu||||| |||| 00| 0 eng d
245 |a Traditional community under stress / 
260 |a Milton Keynes :  |b Open Univ.Press,  |c 1977. 
300 |a 136 p. 
942 |c BK 
999 |c 32900  |d 32900 
952 |0 0  |1 0  |4 0  |7 0  |9 32899  |a UL  |b UL  |c ST2  |d 1998-11-04  |l 0  |p 45078  |r 2012-10-27  |w 2012-10-27  |y BK  |k BP 2.60